000 01095nam2a22002531 4500
001 RU\NLR\INFOCOMM10\1000163677
005 20250617162624.0
035 _a(NLR Aleph) 002775806
090 _a2360406
_c2360406
100 _a20040226d1965 |||y0rusy50 ca
101 0 _arus
102 _aRU
105 _ay |||||||||
200 1 _aГрадостроительство в Венгерской Народной Республике
_fЕ. Соколова
210 _d1965
_aБ. м.
461 0 _1001RU\NLR\INFOCOMM10\1000163673
_12001#$aГрадостроительство$eИнформ. письмо$fОтд. науч. информации ЦНИИПградостроительства$v1965, №7
_92360372
_c[М.]
_d1965
_fОтд. науч. информации ЦНИИПградостроительства
_oИнформ. письмо
_tГрадостроительство
_v1965, №7
700 1 _aСоколова
_bЕ.
_4070
801 1 _aRU
_bInfoComm
_c20040226
801 0 _aRU
_bNLR
_gPSBO
852 _aNLR
_jП31/257
942 _cISSUE
980 _aNB
980 _aRUSPER